<?xml version="1.0" encoding="UTF-8"?>
<collection xmlns="http://www.loc.gov/MARC21/slim">
 <record>
  <leader>07430nam a2200553 a 4500</leader>
  <controlfield tag="001">kal5428</controlfield>
  <controlfield tag="003">Gr-AtHEAL</controlfield>
  <controlfield tag="005">20160505112806.0</controlfield>
  <controlfield tag="006">m        d        </controlfield>
  <controlfield tag="008">160413s2015    gr      s           gre|c</controlfield>
  <datafield tag="020" ind1=" " ind2=" ">
   <subfield code="a">9789606032417</subfield>
  </datafield>
  <datafield tag="040" ind1=" " ind2=" ">
   <subfield code="a">GR-AtHEAL</subfield>
   <subfield code="b">gre</subfield>
   <subfield code="c">GR-AtHEAL</subfield>
  </datafield>
  <datafield tag="082" ind1="0" ind2="4">
   <subfield code="a">307</subfield>
   <subfield code="2">23</subfield>
  </datafield>
  <datafield tag="100" ind1="1" ind2=" ">
   <subfield code="a">.</subfield>
   <subfield code="a">Στρατηγέα, Αναστασία</subfield>
   <subfield code="8">2774</subfield>
  </datafield>
  <datafield tag="245" ind1="1" ind2="0">
   <subfield code="a">Θεωρία και μέθοδοι συμμετοχικού σχεδιασμού</subfield>
   <subfield code="h">[Ηλεκτρονικός πόρος] </subfield>
   <subfield code="c">Στρατηγέα, Αναστασία ; Κριτικός αναγνώστης,Σιόλας, Άγγελος ; Γλωσσική επιμέλεια,Πάντος, Παναγιώτης.</subfield>
  </datafield>
  <datafield tag="260" ind1=" " ind2=" ">
   <subfield code="a">Αθήνα :</subfield>
   <subfield code="b">Σύνδεσμος Ελληνικών Ακαδημαϊκών Βιβλιοθηκών,</subfield>
   <subfield code="c">c2015.</subfield>
  </datafield>
  <datafield tag="490" ind1=" " ind2=" ">
   <subfield code="a">Ακαδημαϊκά Ηλεκτρονικά Συγγράμματα και Βοηθήματα Κάλλιπος</subfield>
   <subfield code="8">40</subfield>
  </datafield>
  <datafield tag="505" ind1="0" ind2=" ">
   <subfield code="a">1. Ιστορική εξέλιξη έννοιας συμμετοχής– Κατευθύνσεις πολιτικής σε παγκόσμιο και ευρωπαϊκό επίπεδο 2. Η έννοια της συμμετοχής 3. Συμμετοχικός σχεδιασμός 4. Ταξινόμηση μεθόδων συμμετοχής 5. Μέθοδοι αποτύπωσης διαφορετικότητας 6. Μέθοδοι σύγκλισης ή επίτευξης ομοφωνίας 7. Επιλογή μεθόδου συμμετοχής στον σχεδιασμό 8.Τεχνολογίες πληροφορίας και επικοινωνίας (ΤΠΕ) και συμμετοχικός σχεδιασμός</subfield>
  </datafield>
  <datafield tag="520" ind1=" " ind2=" ">
   <subfield code="a">Η αυξανόμενη σημασία που αποδίδεται στο ρόλο της συμμετοχής του κοινού και των ομάδων ενδιαφερόντων (stakeholders) για την επιδίωξη του στόχου της βιώσιμης ανάπτυξης και τη διαχείριση των κρίσιμων περιβαλλοντικών προβλημάτων, αντανακλά την πεποίθηση ότι οι συμμετέχοντες μπορούν, κάτω από τις κατάλληλες προϋποθέσεις, να αποτελέσουν ‘φορείς αλλαγής’ προς την κατεύθυνση της επίλυσης των σύγχρονων προβλημάτων της κοινωνίας. Η προσέγγιση του συμμετοχικού σχεδιασμού σήμερα είναι πιο επίκαιρη από ποτέ, υπό το φως των ραγδαίων κοινωνικών, οικονομικών, πολιτιστικών, περιβαλλοντικών, τεχνολογικών και άλλων εξελίξεων και συνδέεται στενά με μία σειρά από αιτήματα της κοινωνίας σε σχέση με τη διαχείριση των πόρων. Τα αιτήματα αυτά αφορούν κυρίως σε θέματα διαφάνειας, δημοκρατικών διαδικασιών στη λήψη αποφάσεων, νομιμοποίησης και εγκυρότητας των αποφάσεων που λαμβάνονται. Το παρόν σύγραμμα επιχειρεί να προσφέρει το εκπαιδευτικό υλικό που απαιτείται για μία πρώτη προσέγγιση στη διδασκαλία των ζητημάτων που αφορούν στις συμμετοχικές προσεγγίσεις στο σχεδιασμό του χώρου σε ένα φάσμα επιστημονικών αντικειμένων. Στόχος του είναι να θέσει τις απαιτούμενες βάσεις, τόσο από θεωρητική όσο και από μεθοδολογική σκοπιά, στην εκπαίδευση νέων επιστημόνων και να καταστήσει αυτούς φορείς αλλαγής των σύγχρονων προσεγγίσεων στα θέματα του σχεδιασμού. Ταυτόχρονα, επιχειρεί να εκπαιδεύσει αυτούς σε μία νέα θεώρηση στο ρόλο τους ως ενεργών και υπεύθυνων πολιτών, ‘πυρήνων’ για την ανάπτυξη της συμμετοχικής κουλτούρας στην Ελληνική κοινωνία. Τέλος, φιλοδοξεί να δώσει σε όλους εκείνους που ενδιαφέρονται για τα ζητήματα του συμμετοχικού σχεδιασμού (φορείς λήψης αποφάσεων, επαγγελματίες μηχανικούς, κ.λπ.) έναν ‘οδηγό’ για την καλύτερη κατανόηση των εννοιών και της χρησιμότητας των συμμετοχικών προσεγγίσεων, που μπορούν να αξιοποηθούν σε ένα φάσμα προβλημάτων και διαφορετικά επιστημονικά αντικείμενα.</subfield>
  </datafield>
  <datafield tag="650" ind1=" " ind2="0">
   <subfield code="a">City planning</subfield>
   <subfield code="x">Citizen participation</subfield>
   <subfield code="8">2775</subfield>
  </datafield>
  <datafield tag="653" ind1=" " ind2=" ">
   <subfield code="a">Τεχνολογίες πληροφόρησης και επικοινωνίας (ΤΠΕ) και συμμετοχικός σχεδιασμός</subfield>
  </datafield>
  <datafield tag="653" ind1=" " ind2=" ">
   <subfield code="a">Χάραξη πολιτικής</subfield>
  </datafield>
  <datafield tag="653" ind1=" " ind2=" ">
   <subfield code="a">Μέθοδοι συμμετοχικού σχεδιασμού</subfield>
  </datafield>
  <datafield tag="653" ind1=" " ind2=" ">
   <subfield code="a">Δυσκολίες εφαρμογής συμμετοχικού σχεδιασμού</subfield>
  </datafield>
  <datafield tag="653" ind1=" " ind2=" ">
   <subfield code="a">Πλεονεκτήματα συμμετοχικού σχεδιασμού</subfield>
  </datafield>
  <datafield tag="653" ind1=" " ind2=" ">
   <subfield code="a">Επίπεδα συμμετοχικού σχεδιασμού</subfield>
  </datafield>
  <datafield tag="653" ind1=" " ind2=" ">
   <subfield code="a">Συμμετοχική διαδικασία</subfield>
  </datafield>
  <datafield tag="653" ind1=" " ind2=" ">
   <subfield code="a">Χωρικός σχεδιασμός</subfield>
  </datafield>
  <datafield tag="653" ind1=" " ind2=" ">
   <subfield code="a">Τύποι συμμετεχόντων</subfield>
  </datafield>
  <datafield tag="653" ind1=" " ind2=" ">
   <subfield code="a">Συμμετέχοντες</subfield>
  </datafield>
  <datafield tag="653" ind1=" " ind2=" ">
   <subfield code="a">Πλεονεκτήματα συμμετοχής</subfield>
  </datafield>
  <datafield tag="653" ind1=" " ind2=" ">
   <subfield code="a">Τύποι συμμετοχής</subfield>
  </datafield>
  <datafield tag="653" ind1=" " ind2=" ">
   <subfield code="a">Βαθμός συμμετοχής</subfield>
  </datafield>
  <datafield tag="653" ind1=" " ind2=" ">
   <subfield code="a">Βασικές αρχές συμμετοχής</subfield>
  </datafield>
  <datafield tag="653" ind1=" " ind2=" ">
   <subfield code="a">Στόχοι συμμετοχής</subfield>
  </datafield>
  <datafield tag="653" ind1=" " ind2=" ">
   <subfield code="a">Ευρωπαϊκές πρωτοβουλίες προώθησης συμμετοχής</subfield>
  </datafield>
  <datafield tag="653" ind1=" " ind2=" ">
   <subfield code="a">Διεθνείς πρωτοβουλίες προώθησης συμμετοχής</subfield>
  </datafield>
  <datafield tag="653" ind1=" " ind2=" ">
   <subfield code="a">Θεσμοθέτηση συμμετοχής</subfield>
  </datafield>
  <datafield tag="653" ind1=" " ind2=" ">
   <subfield code="a">Συμμετοχικός Σχεδιασμός</subfield>
  </datafield>
  <datafield tag="653" ind1=" " ind2=" ">
   <subfield code="a">Τοπική Ανάπτυξη</subfield>
  </datafield>
  <datafield tag="653" ind1=" " ind2=" ">
   <subfield code="a">Συμμετοχή</subfield>
  </datafield>
  <datafield tag="653" ind1=" " ind2=" ">
   <subfield code="a">Πολιτική</subfield>
  </datafield>
  <datafield tag="653" ind1=" " ind2=" ">
   <subfield code="a">Τεχνολογία και επιστήμες μηχανικών</subfield>
   <subfield code="a">Χωροταξία/Περιφεριακός σχεδιασμός-πολεοδομία/Αστικός σχεδιασμός</subfield>
  </datafield>
  <datafield tag="700" ind1="1" ind2=" ">
   <subfield code="a">Σιόλας, Άγγελος</subfield>
   <subfield code="e">Κριτικός αναγνώστης</subfield>
   <subfield code="8">406</subfield>
  </datafield>
  <datafield tag="856" ind1="4" ind2="0">
   <subfield code="u">http://hdl.handle.net/11419/5428</subfield>
   <subfield code="z">Πλήρες Κείμενο - Full text</subfield>
  </datafield>
  <datafield tag="907" ind1=" " ind2=" ">
   <subfield code="a">.b25679004</subfield>
   <subfield code="b">12-06-18</subfield>
   <subfield code="c">29-07-16</subfield>
  </datafield>
  <datafield tag="949" ind1=" " ind2=" ">
   <subfield code="0">0</subfield>
   <subfield code="1">0</subfield>
   <subfield code="2">ddc</subfield>
   <subfield code="4">0</subfield>
   <subfield code="6">307_000000000000000_ΣΤΡ</subfield>
   <subfield code="7">0</subfield>
   <subfield code="8">KALL</subfield>
   <subfield code="8">659</subfield>
   <subfield code="d">2016-04-13</subfield>
   <subfield code="r">2016-04-13</subfield>
   <subfield code="w">2016-04-13</subfield>
   <subfield code="z">307 ΣΤΡ</subfield>
   <subfield code="o">SEAB KALLIPOS</subfield>
  </datafield>
  <datafield tag="998" ind1=" " ind2=" ">
   <subfield code="a">80</subfield>
   <subfield code="a">01</subfield>
   <subfield code="a">02</subfield>
   <subfield code="a">03</subfield>
   <subfield code="a">04</subfield>
   <subfield code="a">05</subfield>
   <subfield code="a">06</subfield>
   <subfield code="a">07</subfield>
   <subfield code="a">08</subfield>
   <subfield code="a">09</subfield>
   <subfield code="a">10</subfield>
   <subfield code="a">11</subfield>
   <subfield code="a">12</subfield>
   <subfield code="a">13</subfield>
   <subfield code="a">14</subfield>
   <subfield code="a">15</subfield>
   <subfield code="a">16</subfield>
   <subfield code="a">17</subfield>
   <subfield code="a">18</subfield>
   <subfield code="a">19</subfield>
   <subfield code="a">20</subfield>
   <subfield code="a">21</subfield>
   <subfield code="a">22</subfield>
   <subfield code="a">23</subfield>
   <subfield code="a">24</subfield>
   <subfield code="a">25</subfield>
   <subfield code="a">26</subfield>
   <subfield code="b">12-05-17</subfield>
   <subfield code="c">m</subfield>
   <subfield code="d">z  </subfield>
   <subfield code="e">-</subfield>
   <subfield code="f">gre</subfield>
   <subfield code="g">gr </subfield>
   <subfield code="h">0</subfield>
  </datafield>
  <datafield tag="942" ind1=" " ind2=" ">
   <subfield code="2">ddc</subfield>
   <subfield code="c">KALLIPOS</subfield>
  </datafield>
 </record>
</collection>
